000 01614cam a22002895a 4500
001 L159452
008 170725s2016 xxk f 000 0 eng d
020 _a9781315245522
035 _a(Sirsi) u159452
041 _aeng
050 _a690.3
100 _aThorpe, Brian
245 _aQuality assurance in construction
_h[electronic resource]
250 _a2nd ed.
260 _aAbingdon
_bRoutledge
_c2016
300 _aebook
520 _aThe need for quality assurance in construction is now widely accepted. As a result, pressure is currently being applied to contractors and those offering professional services to demonstrate QA capability prior to commission. This book, written by experts in the field of quality management, shows how construction companies can effectively apply QA within their own organization. It pinpoints the real benefits to be gained from developing well-structured systems and offers practical guidance on implementation techniques. Inevitably, quality management standards play an important role in helping to define the requirements of any QA system. With this in mind the authors provide a detailed analysis of ISO 9000 - 1994 and its implementation.
650 _aBUILDING INDUSTRY
650 _aCONSTRUCTION (DESIGN AND MANAGEMENT) REGULATIONS 1994
650 _aQUALITY ASSURANCE
651 4 _aENGLAND AND WALES
690 _aMANAGEMENT-BUSINESS MANAGEMENT-PROFESSIONAL PRACTICE
700 _aSumner, Peter
700 _aDuncan, John
856 4 0 _uhttps://www.vlebooks.com/
_zView on VLEbooks. Logins for members only from [email protected]
942 _n0
999 _c115912
_d115912